[Event "XIII. DBMM 2013"]
[Site "?"]
[Date "2013.09.27"]
[Round "3.1"]
[White "Kosak, Robert"]
[Black "Gottschalk, Jens"]
[Result "0-1"]
[WhiteElo "2219"]
[BlackElo "2268"]
[PlyCount "134"]
[EventDate "2013.01.19"]

1. e4 c5 2. g3 Nc6 3. Bg2 g6 4. Ne2 Bg7 5. c3 e5 6. d3 Nge7 7. Be3 b6 8. d4 d6
9. O-O O-O 10. Qd2 Ba6 11. d5 Nb8 12. Na3 Nd7 13. c4 Rb8 14. Nc3 Nf6 15. Bh6
Qd7 16. Bxg7 Kxg7 17. f4 Ne8 18. Rad1 Rd8 19. h3 f6 20. b3 Nc7 21. Rf2 b5 22.
cxb5 Nxb5 23. Ncxb5 Bxb5 24. Qa5 a6 25. Nb1 Qb7 26. Nd2 Rb8 27. Nf3 Qb6 28. Qc3
c4 29. bxc4 Rbc8 30. Bf1 Qc5 31. Nd2 Ba4 32. Nb3 Qb6 33. Rdd2 Bxb3 34. axb3 a5
35. Be2 Rb8 36. Bd1 Qc5 37. Kg2 Rb4 38. fxe5 dxe5 39. d6 Nc6 40. Rd5 Qa7 41. d7
Rb7 42. Bg4 Qb8 43. Bd1 Qa7 44. Rfd2 Rd8 45. Bg4 Qb8 46. R2d3 h5 47. Bd1 Nb4
48. c5 Nxd3 49. c6 Nb4 50. Qc5 Nxd5 51. exd5 Rbxd7 52. cxd7 Rxd7 53. Qxa5 Qd6
54. Bf3 f5 55. Qc3 Kh7 56. g4 hxg4 57. hxg4 e4 58. Be2 Qxd5 59. Qh3+ Kg7 60. g5
e3+ 61. Kf1 Qxb3 62. Qh6+ Kf7 63. Qh7+ Ke6 64. Qxg6+ Ke5 65. Qf6+ Kf4 66. g6
Rd1+ 67. Kg2 Qb7+ 0-1

[Event "XIII. DBMM 2013"]
[Site "?"]
[Date "2013.09.27"]
[Round "3.2"]
[White "Werner, Gregor"]
[Black "Jostes, Marko"]
[Result "0-1"]
[WhiteElo "2152"]
[BlackElo "2083"]
[PlyCount "50"]
[EventDate "2013.01.19"]

1. d4 f5 2. Qd3 d5 3. g4 fxg4 4. h3 Nf6 5. hxg4 Bxg4 6. Bg5 Qd7 7. Bh3 Nc6 8.
Bxg4 Qxg4 9. Nf3 O-O-O 10. Nbd2 e6 11. O-O-O Bd6 12. e3 e5 13. dxe5 Bxe5 14.
Rdg1 Qe6 15. Nxe5 Nxe5 16. Qc3 Rdg8 17. Bf4 Nc6 18. Nb3 Ne4 19. Qe1 g5 20. Bh2
Rf8 21. Rg2 Rf5 22. Qe2 Qf7 23. Bg1 h5 24. Rhh2 g4 25. Rxg4 Ne5 0-1

[Event "XIII. DBMM 2013"]
[Site "?"]
[Date "2013.09.27"]
[Round "3.3"]
[White "Kassner, Ralph"]
[Black "Lipp, Hubert"]
[Result "0-1"]
[WhiteElo "1758"]
[BlackElo "2064"]
[PlyCount "84"]
[EventDate "2013.01.19"]

1. Nf3 f5 2. g3 d6 3. Bg2 e5 4. d3 Nf6 5. Nbd2 g6 6. c3 Bg7 7. O-O Nc6 8. e4
fxe4 9. Nxe4 Nxe4 10. dxe4 O-O 11. Be3 h6 12. Nh4 Kh7 13. Qe1 Bf6 14. Nf3 Be6
15. Nd2 g5 16. h3 Qd7 17. Kh2 Rf7 18. Qe2 Ne7 19. Qh5 Ng8 20. f4 gxf4 21. gxf4
exf4 22. Bxf4 Raf8 23. e5 Bxe5 24. Bxe5 dxe5 25. Nf3 Rf5 26. Qh4 Bd5 27. Rad1
e4 28. Nd4 Qd6+ 29. Kg1 Rxf1+ 30. Bxf1 Rf4 31. Qe1 Qg6+ 32. Kh2 Qf6 33. Ne2 Rf5
34. Bg2 Qe5+ 35. Ng3 Nf6 36. Kh1 Rg5 37. Nf1 Rxg2 38. Kxg2 e3+ 39. Kg1 e2 40.
Rxd5 exf1=Q+ 41. Qxf1 Nxd5 42. Qf7+ Qg7+ 0-1

[Event "XIII. DBMM 2013"]
[Site "?"]
[Date "2013.09.27"]
[Round "3.4"]
[White "Launert, Martin"]
[Black "Seeger, Ernst"]
[Result "1-0"]
[WhiteElo "1882"]
[BlackElo "1677"]
[PlyCount "89"]
[EventDate "2013.01.19"]

1. e4 d5 2. exd5 Qxd5 3. Nc3 Qa5 4. d4 c6 5. Nf3 Nf6 6. Bd2 Qc7 7. Bd3 Bg4 8.
h3 Bxf3 9. Qxf3 e6 10. O-O Be7 11. Rfe1 O-O 12. Ne4 Nxe4 13. Qxe4 g6 14. Qf3
Re8 15. Rad1 Bf8 16. Bc1 Bg7 17. c3 Nd7 18. Bc4 Nf8 19. Bf4 Qd7 20. b4 a6 21.
Bb3 Red8 22. c4 Rac8 23. Bg5 Re8 24. Be3 Qe7 25. d5 Qf6 26. Qxf6 Bxf6 27. d6
Nd7 28. c5 Bc3 29. Bd2 Bxd2 30. Rxd2 Kg7 31. f4 h6 32. Kf2 Kf6 33. Rde2 Rcd8
34. Kf3 Rb8 35. Rc1 Rbd8 36. g3 Rb8 37. Re4 Rbd8 38. g4 Kg7 39. Rce1 Nf6 40.
R4e3 Rd7 41. f5 gxf5 42. gxf5 Nd5 43. Bxd5 cxd5 44. fxe6 fxe6 45. Rxe6 1-0

[Event "XIII. DBMM 2013"]
[Site "?"]
[Date "2013.09.27"]
[Round "3.1"]
[White "Behrendt, Clemens"]
[Black "Musoldt, Christoph"]
[Result "0-1"]
[WhiteElo "2090"]
[BlackElo "1918"]
[PlyCount "50"]
[EventDate "2013.01.19"]

1. Nf3 c5 2. g3 Nc6 3. c4 g6 4. Bg2 Bg7 5. O-O e6 6. e3 Nge7 7. Nc3 O-O 8. d4
cxd4 9. Nxd4 a6 10. b3 Nf5 11. Nxc6 bxc6 12. Bb2 d5 13. e4 Ne7 14. exd5 cxd5
15. Qe2 Bb7 16. Rac1 Rb8 17. cxd5 Nxd5 18. Nxd5 Bxb2 19. Qxb2 Bxd5 20. Rfd1 Rb6
21. Bxd5 exd5 22. Qd4 Re8 23. Rc5 Rd6 24. Rxd5 Rxd5 25. Qxd5 Re1+ 0-1

[Event "XIII. DBMM 2013"]
[Site "?"]
[Date "2013.09.27"]
[Round "3.2"]
[White "Decker, Ingo"]
[Black "Liebersbach, Siegmund"]
[Result "1-0"]
[WhiteElo "1696"]
[BlackElo "1730"]
[PlyCount "41"]
[EventDate "2013.01.19"]

1. e4 c5 2. f4 d6 3. Nf3 Nc6 4. Bc4 e6 5. a3 Nf6 6. d3 Be7 7. O-O a6 8. c3 b5
9. Bb3 Bb7 10. Bc2 O-O 11. d4 cxd4 12. cxd4 Qb6 13. Kh1 Na5 14. Nc3 Rac8 15. e5
dxe5 16. fxe5 Nd5 17. Qd3 f5 18. exf6 Nxf6 19. Ne5 Bd8 20. Rxf6 Bxg2+ 21. Kxg2
1-0

[Event "XIII. DBMM 2013"]
[Site "?"]
[Date "2013.09.27"]
[Round "3.3"]
[White "Uhlarz, Joerg"]
[Black "Jacobsen, Ruediger"]
[Result "0-1"]
[WhiteElo "1753"]
[BlackElo "1532"]
[PlyCount "166"]
[EventDate "2013.01.19"]

1. d4 Nf6 2. c4 g6 3. Nc3 Bg7 4. Nf3 d6 5. g3 O-O 6. Bg2 c6 7. O-O Re8 8. Qb3
Nbd7 9. e4 e5 10. dxe5 dxe5 11. Rd1 Qc7 12. Qc2 Nf8 13. b3 Bg4 14. Ba3 Bxf3 15.
Bxf3 Rad8 16. c5 Ne6 17. Ne2 Qa5 18. Rxd8 Rxd8 19. Qc1 Qd2 20. Qf1 h5 21. Bc1
Qd1 22. Be3 Qxf1+ 23. Kxf1 Ne8 24. Rc1 N8c7 25. a4 Rd3 26. Nc3 Rd8 27. Be2 Na6
28. Na2 Nd4 29. Bd1 f5 30. f3 Bf6 31. b4 Nc7 32. Nc3 Kg7 33. b5 Nce6 34. Na2
Be7 35. exf5 gxf5 36. bxc6 Nxc6 37. f4 exf4 38. gxf4 h4 39. Bc2 Ncd4 40. Bb1
Bxc5 41. Bxf5 Nxf5 42. Bxc5 b6 43. Bf2 Rd3 44. Rc4 h3 45. Ke2 Ra3 46. Nc3 Rb3
47. Nb5 a5 48. Re4 Kf6 49. Nd4 Nexd4+ 50. Bxd4+ Nxd4+ 51. Rxd4 Rb2+ 52. Kf3 Rb4
53. Rd3 Ke6 54. Kg4 Rxa4 55. Kg5 Ra1 56. f5+ Kf7 57. Rd7+ Ke8 58. Rh7 Rg1+ 59.
Kf6 a4 60. Rxh3 b5 61. Rh8+ Kd7 62. Rh4 Rb1 63. Rh7+ Ke8 64. Rh8+ Kd7 65. h4 a3
66. Rh7+ Ke8 67. Ra7 b4 68. h5 Rh1 69. Kg6 Rg1+ 70. Kh7 b3 71. Rxa3 b2 72. Ra8+
Kf7 73. Ra7+ Kf6 74. Rb7 b1=Q 75. Kh6 Qc1+ 76. Kh7 Qg5 77. Rb6+ Ke5 78. Rg6
Qe7+ 79. Kh6 Qf8+ 80. Kh7 Rxg6 81. fxg6 Kf6 82. h6 Qe8 83. g7 Qg6+ 0-1

[Event "XIII. DBMM 2013"]
[Site "?"]
[Date "2013.09.27"]
[Round "3.4"]
[White "Feldmann, Alfred"]
[Black "Nitsch, Norbert"]
[Result "0-1"]
[WhiteElo "1434"]
[BlackElo "1738"]
[PlyCount "68"]
[EventDate "2013.01.19"]

1. d4 d5 2. c4 c6 3. Nf3 Nf6 4. Nc3 e6 5. e3 Nbd7 6. Bd3 dxc4 7. Bxc4 a6 8. a3
b5 9. Bd3 c5 10. dxc5 Bxc5 11. b4 Ba7 12. Bb2 Bb7 13. O-O O-O 14. Re1 Qc7 15.
Rc1 Qd8 16. Qc2 Rc8 17. Qb1 h6 18. Ne4 Qe7 19. Rxc8 Rxc8 20. Rc1 Rxc1+ 21. Bxc1
Nb6 22. Bb2 Nbd5 23. Nxf6+ Nxf6 24. Nd2 Ng4 25. g3 Nxe3 26. Ne4 Nf5 27. Qc1 Kf8
28. Be5 Nd4 29. Qb2 Nf3+ 30. Kf1 Nxe5 31. Qxe5 Bd5 32. Nd6 Bb8 33. Nc8 Bxe5 34.
Nxe7 Kxe7 0-1

[Event "XIII. DBMM 2013"]
[Site "?"]
[Date "2013.09.27"]
[Round "3.1"]
[White "Jonnek, Thomas"]
[Black "Urban, Ralf-Dieter"]
[Result "0-1"]
[WhiteElo "2003"]
[BlackElo "2057"]
[PlyCount "22"]
[EventDate "2013.01.19"]

1. d4 Nf6 2. Nf3 c5 3. e3 d5 4. b3 Bf5 5. Bb2 Nc6 6. a3 cxd4 7. Nxd4 Nxd4 8.
Bxd4 Qc7 9. Bxf6 gxf6 10. Bb5+ Bd7 11. Qxd5 Qa5+ 0-1

[Event "XIII. DBMM 2013"]
[Site "?"]
[Date "2013.09.27"]
[Round "3.2"]
[White "Supplieth, Joerg"]
[Black "Wittfoth, Kai-Uve"]
[Result "0-1"]
[WhiteElo "1730"]
[BlackElo "2139"]
[PlyCount "122"]
[EventDate "2013.01.19"]

1. e4 c6 2. Nc3 d5 3. d4 dxe4 4. Nxe4 Bf5 5. Ng3 Bg6 6. Nf3 Nf6 7. Ne5 Nbd7 8.
Nxg6 hxg6 9. c3 e6 10. Bf4 Be7 11. Bd3 O-O 12. O-O c5 13. dxc5 Nxc5 14. Be2 a5
15. Bf3 Qb6 16. Qc2 Rfd8 17. Rfd1 {(R)} a4 18. Be3 Qa6 19. Rxd8+ Rxd8 20. Rb1
Nd5 21. Bd2 b5 22. b3 axb3 23. axb3 Rc8 24. c4 Nd7 25. Be2 N7b6 26. Rc1 bxc4
27. Bxc4 Nxc4 28. bxc4 Nb6 29. c5 Rxc5 30. Qb2 Bf6 31. Qb1 Rxc1+ 32. Qxc1 Qa1
33. Qxa1 Bxa1 34. Kf1 Nd5 35. Ne4 f6 36. h4 Bb2 37. g3 Ba3 38. Kg2 Kf7 39. Kf3
e5 40. Ba5 Be7 41. Bd2 Ke6 42. Bc1 Bb4 43. Bb2 g5 44. h5 g4+ 45. Kxg4 f5+ 46.
Kg5 fxe4 47. Kg6 Bf8 48. Bc1 Nf6 49. Be3 Kd5 50. Kf7 Bc5 51. Bxc5 Nxh5 52. Bb6
Nf6 53. Kxg7 Ng4 54. Kg6 e3 55. fxe3 Ke4 56. Kh5 Kf3 57. Kh4 e4 58. Bc5 Nxe3
59. Bxe3 Kxe3 60. g4 Kf4 61. g5 e3 0-1

[Event "XIII. DBMM 2013"]
[Site "?"]
[Date "2013.09.27"]
[Round "3.3"]
[White "Steinkraus, Hans-Guenter"]
[Black "Schroeder, Kai"]
[Result "0-1"]
[WhiteElo "1657"]
[BlackElo "1786"]
[PlyCount "64"]
[EventDate "2013.01.19"]

1. e4 e6 2. Nc3 d5 3. d3 Nf6 4. g3 dxe4 5. d4 c5 6. Be3 cxd4 7. Bxd4 Nc6 8.
Bxf6 Qxf6 9. Nb5 Qe7 10. a3 a6 11. Nc3 f5 12. Qd2 Qd6 13. Rd1 Qxd2+ 14. Rxd2
Be7 15. Bc4 Bd7 16. Nge2 Ne5 17. Rxd7 Kxd7 18. Bb3 Nf3+ 19. Kd1 Bg5 20. h4 Bh6
21. g4 g6 22. g5 Bg7 23. Na4 Rad8 24. Kc1 Kc6 25. Nf4 Nd4 26. Nc3 Nxb3+ 27.
cxb3 Rd6 28. h5 e5 29. Nfd5 Rxd5 30. Nxd5 Kxd5 31. Rd1+ Ke6 32. h6 Rc8+ 0-1

[Event "XIII. DBMM 2013"]
[Site "?"]
[Date "2013.09.27"]
[Round "3.4"]
[White "Figger, Udo"]
[Black "Struempler, Claus"]
[Result "1/2-1/2"]
[WhiteElo "1906"]
[BlackElo "1400"]
[PlyCount "47"]
[EventDate "2013.01.19"]

1. Nc3 Nf6 2. e4 e5 3. d4 exd4 4. Qxd4 d6 5. e5 dxe5 6. Qxe5+ Be7 7. Bg5 Nc6 8.
Bb5 Bd7 9. Bxc6 Bxc6 10. Rd1 Qc8 11. f3 O-O 12. Nge2 Re8 13. Bxf6 Bxf6 14. Qg3
Bxc3+ 15. bxc3 Bb5 16. Rd2 Qe6 17. Qf2 Qe3 18. Qxe3 Rxe3 19. Kf2 Rae8 20. Nf4
c6 21. Nd3 b6 22. Re1 Rxe1 23. Nxe1 g6 24. f4 1/2-1/2

[Event "XIII. DBMM 2013"]
[Site "?"]
[Date "2013.09.27"]
[Round "3.1"]
[White "Lotzien, Hans"]
[Black "Schulz, Michael"]
[Result "1/2-1/2"]
[WhiteElo "2152"]
[BlackElo "2249"]
[PlyCount "112"]
[EventDate "2013.01.19"]

1. e4 g6 2. Nc3 Bg7 3. Bc4 e6 4. d3 Ne7 5. Bg5 h6 6. Bxe7 Qxe7 7. Nge2 c6 8.
O-O O-O 9. a4 d5 10. Bb3 Na6 11. d4 Rd8 12. exd5 exd5 13. Ng3 Qf6 14. Nce2 h5
15. Re1 h4 16. Nf1 h3 17. c3 hxg2 18. Ne3 Bh3 19. Ng3 Re8 20. Nxg2 Nc7 21. Bc2
Ne6 22. Ne3 Ng5 23. Re2 Qf3 24. Bd3 Bf5 25. Nexf5 Nh3+ 26. Kf1 Rxe2 27. Qxe2
Qxe2+ 28. Nxe2 gxf5 29. Bxf5 Ng5 30. Ng1 Ne4 31. Nf3 Nd6 32. Bd3 Re8 33. Re1
Rxe1+ 34. Kxe1 Bh6 35. b3 f6 36. Nh4 Bf4 37. h3 Kf7 38. Nf5 Ke6 39. Nxd6 Kxd6 {
(R)} 40. h4 b6 41. Ke2 Bc1 42. Bf5 c5 43. Kd3 a5 44. h5 Bh6 45. c4 cxd4 46.
Kxd4 dxc4 47. bxc4 Bf8 48. f3 Bh6 49. Ke4 Ke7 50. Bg6 Ke6 51. Bh7 Kf7 52. Bf5
Bf8 53. Kd5 Bh6 54. Bg6+ Kg7 55. Ke4 Bd2 56. Kf5 Bc3 1/2-1/2

[Event "XIII. DBMM 2013"]
[Site "?"]
[Date "2013.09.27"]
[Round "3.2"]
[White "Jaehnisch, Frank"]
[Black "Hemmann, Arnold"]
[Result "1-0"]
[WhiteElo "2220"]
[BlackElo "2153"]
[PlyCount "81"]
[EventDate "2013.01.19"]

1. d4 Nf6 2. c4 e6 3. Nc3 Bb4 4. f3 Nh5 5. Nh3 f5 6. Bg5 Be7 7. Bxe7 Qxe7 8. e3
d6 9. Be2 O-O 10. O-O g5 11. b4 Ng7 12. c5 Bd7 13. Qb3 Kh8 14. cxd6 cxd6 15. b5
Be8 16. Qb4 Nd7 17. e4 Bf7 18. Rac1 Ne8 19. e5 h6 20. Na4 Nb6 21. Nxb6 axb6 22.
Rc2 Qd7 23. Rfc1 Kg8 24. f4 g4 25. Nf2 h5 26. Nd3 Rd8 27. Nb2 h4 28. Na4 dxe5
29. dxe5 Qd4+ 30. Qxd4 Rxd4 31. Rc4 Rd2 32. R1c2 Rd8 33. Nxb6 Ng7 34. g3 hxg3
35. hxg3 Be8 36. Rc7 Rf7 37. Rxf7 Kxf7 38. a4 Kg6 39. a5 Nh5 40. Kf2 Rd4 41. a6
1-0

[Event "XIII. DBMM 2013"]
[Site "?"]
[Date "2013.09.27"]
[Round "3.3"]
[White "Broehl, Stephan"]
[Black "Gebert-Vangeel, Ralf"]
[Result "1-0"]
[WhiteElo "2131"]
[BlackElo "2059"]
[PlyCount "109"]
[EventDate "2013.01.19"]

1. e4 e5 2. Nc3 Nf6 3. Nf3 Nc6 4. d4 exd4 5. Nxd4 Bb4 6. Nxc6 bxc6 7. Bd3 d5 8.
e5 Ng4 9. Bf4 d4 10. Qf3 dxc3 11. O-O-O cxb2+ 12. Kb1 Bd7 13. e6 fxe6 14. Qxg4
O-O 15. Be5 Qe7 16. Qh5 Rf5 17. Bxf5 exf5 18. f4 Be6 19. Rd3 g6 20. Qg5 Qxg5
21. fxg5 Bd5 22. Rhd1 Re8 23. Bxb2 Re2 24. Rd4 Bc5 25. R4d2 Re4 26. Bd4 Bb4 27.
c3 Ba5 28. Rb2 Kf7 29. h3 Ke6 30. Rf2 c5 31. Bf6 c6 32. Rdd2 h6 33. Kb2 hxg5
34. Bxg5 Rc4 35. Rfe2+ Kd7 36. Rd3 Kc7 37. Re7+ Kb6 38. g3 Ka6 39. Rg7 Ra4 40.
a3 Kb5 41. Rxg6 c4 42. Re3 Bb6 43. Re1 Bc5 44. Ra1 Ra6 45. Bd8 Ka4 46. Rf6 Be4
47. h4 Bf2 48. Bc7 f4 49. Rxf4 Bxg3 50. Rxe4 Bxc7 51. Rxc4+ Kb5 52. Rb4+ Kc5
53. h5 Kd5 54. h6 c5 55. Rh4 1-0

[Event "XIII. DBMM 2013"]
[Site "?"]
[Date "2013.09.27"]
[Round "3.4"]
[White "Rath, Alina"]
[Black "Mueller-Boge, Michael"]
[Result "1/2-1/2"]
[WhiteElo "1998"]
[BlackElo "2002"]
[PlyCount "89"]
[EventDate "2013.01.19"]

1. c4 Nf6 2. Nc3 d5 3. cxd5 Nxd5 4. g3 Nb6 5. Bg2 g6 6. Nf3 Bg7 7. O-O Nc6 8.
d3 O-O 9. Be3 e5 10. Qd2 Re8 11. Bh6 Bh8 12. Ne4 Qe7 13. Rfc1 Nd4 14. e3 Nf5
15. Bg5 f6 16. Bxf6 Bxf6 17. Rxc7 Qd8 18. Rac1 Nd5 19. R7c5 Bg7 20. Neg5 Nfe7
21. e4 h6 22. exd5 hxg5 23. Qxg5 Qd6 24. Nd2 Bf6 25. Qe3 Nf5 26. Ne4 Qf8 27.
Qf3 Be7 28. Rc7 Nd4 29. Qe3 Nb5 30. R7c2 Bd7 31. Nc5 Bxc5 32. Rxc5 b6 33. R5c4
Qd6 34. Rh4 Rac8 35. Rxc8 Rxc8 36. Qh6 Qf6 37. Qh7+ Kf8 38. Qxd7 Rc1+ 39. Bf1
Nd4 40. Rh7 Nf3+ 41. Kg2 Ne1+ 42. Kh3 Nf3 43. Kg2 Ne1+ 44. Kh3 Nf3 45. Kg2
1/2-1/2

[Event "XIII. DBMM 2013"]
[Site "?"]
[Date "2013.09.27"]
[Round "3.1"]
[White "Hedden, Helge"]
[Black "Lange, Ronny"]
[Result "1-0"]
[WhiteElo "2150"]
[BlackElo "1400"]
[PlyCount "65"]
[EventDate "2013.01.19"]

1. c4 Nf6 2. g3 d5 3. cxd5 Nxd5 4. Bg2 e6 5. Nc3 Be7 6. e4 Nf6 7. d4 Nc6 8.
Nge2 e5 9. d5 Nb8 10. h3 Bd7 11. O-O Na6 12. a3 O-O 13. b4 Ne8 14. Qb3 Nd6 15.
f4 f6 16. Be3 Kh8 17. Nc1 Nf7 18. Nd3 Bd6 19. Nc5 Qc8 20. Nxa6 bxa6 21. Kh2 f5
22. Rae1 exf4 23. Bxf4 Ne5 24. Bxe5 Bxe5 25. exf5 Bd6 26. Ne4 Rxf5 27. Nxd6
cxd6 28. Rxf5 Bxf5 29. Re7 Qc1 30. Qa4 Qc8 31. Qc6 Qd8 32. Rf7 g6 33. Qc3+ 1-0

[Event "XIII. DBMM 2013"]
[Site "?"]
[Date "2013.09.27"]
[Round "3.2"]
[White "Helps, Ian Malcolm"]
[Black "Hein, Ralf"]
[Result "0-1"]
[WhiteElo "1400"]
[BlackElo "2073"]
[PlyCount "62"]
[EventDate "2013.01.19"]

1. d4 d5 2. c4 c6 3. Nf3 Bf5 4. Nc3 Nf6 5. Bg5 Ne4 6. Nxe4 Bxe4 7. e3 Bxf3 8.
Qxf3 Qa5+ 9. Kd1 dxc4 10. Bh4 Qa4+ 11. Kc1 Na6 12. a3 e6 13. Qd1 Qxd1+ 14. Kxd1
b5 15. Be2 Nc7 16. Bf3 Nd5 17. Bxd5 cxd5 18. Ke2 Bd6 19. h3 Kd7 20. Rac1 Rhb8
21. f3 b4 22. axb4 Rxb4 23. Rc2 Rab8 24. Rb1 Rb3 25. Be1 Bb4 26. Bxb4 R8xb4 27.
Kd1 Rxe3 28. Ra1 Rd3+ 29. Kc1 Rb7 30. Rd2 Rxd2 31. Kxd2 Rxb2+ 0-1

[Event "XIII. DBMM 2013"]
[Site "?"]
[Date "2013.09.27"]
[Round "3.3"]
[White "Kaliski, Achim"]
[Black "Van Eibergen, Robert"]
[Result "1-0"]
[WhiteElo "1958"]
[BlackElo "1321"]
[PlyCount "83"]
[EventDate "2013.01.19"]

1. e4 c5 2. Nc3 Nc6 3. g3 e6 4. Bg2 g6 5. f4 Nge7 6. Nf3 Bg7 7. O-O O-O 8. d3
a6 9. Be3 b6 10. Nh4 f5 11. Qd2 Bb7 12. Rad1 Qc7 13. Nf3 Rad8 14. e5 d6 15. Ng5
Qd7 16. Na4 Nc8 17. exd6 Qxd6 18. Rfe1 h6 19. Nf3 Kh7 20. Qf2 Qc7 21. Kh1 Nd4
22. c3 Nxf3 23. Bxf3 Bc6 24. b3 Bxa4 25. bxa4 Bxc3 26. Re2 Bf6 27. a5 Bd4 28.
Bxd4 Rxd4 29. Rxe6 Rd6 30. axb6 Rxb6 31. Rxb6 Qxb6 32. Rc1 Re8 33. Kg2 Qb5 34.
Rxc5 Qxd3 35. Rc7+ Ne7 36. Bc6 Qd6 37. Qa7 g5 38. Bxe8 Qd2+ 39. Qf2 Qd8 40. Qc2
Qxe8 41. Qxf5+ Kg8 42. Qe6+ 1-0

[Event "XIII. DBMM 2013"]
[Site "?"]
[Date "2013.09.27"]
[Round "3.1"]
[White "Giel, Olaf"]
[Black "Eisermann, Daniel"]
[Result "1-0"]
[WhiteElo "2122"]
[BlackElo "1941"]
[PlyCount "71"]
[EventDate "2013.01.19"]

1. d4 d5 2. Nf3 Nf6 3. e3 e6 4. Bd3 c5 5. c3 Nc6 6. Nbd2 Bd6 7. O-O O-O 8. dxc5
Bxc5 9. e4 Qc7 10. Qe2 Bd6 11. Re1 Ng4 12. h3 Nge5 13. Nxe5 Nxe5 14. Nf3 Nxd3
15. Qxd3 dxe4 16. Qxe4 f5 17. Qe2 Bd7 18. Qd3 Rad8 19. Bg5 h6 20. Bxd8 Rxd8 21.
Kh1 Kf7 22. Rad1 Bc8 23. Ne5+ Kg8 24. f4 Be7 25. Qc4 Qxc4 26. Rxd8+ Bxd8 27.
Nxc4 Bc7 28. Ne5 g5 29. g3 Kg7 30. Kg2 Kf6 31. Rd1 Ke7 32. Kf3 a6 33. c4 Kf6
34. c5 Ke7 35. b4 Kf6 36. a4 1-0

[Event "XIII. DBMM 2013"]
[Site "?"]
[Date "2013.09.27"]
[Round "3.2"]
[White "Mayer, Hubert"]
[Black "Buhrdorf, Axel"]
[Result "1/2-1/2"]
[WhiteElo "1992"]
[BlackElo "1787"]
[PlyCount "51"]
[EventDate "2013.01.19"]

1. f4 d5 2. b3 Nf6 3. Nf3 g6 4. Bb2 Bg7 5. e3 O-O 6. Be2 c5 7. O-O Nc6 8. Ne5
d4 9. Nxc6 bxc6 10. Bf3 Bb7 11. Na3 Nd5 12. Bxd5 Qxd5 13. Qf3 Ba6 14. Qxd5 cxd5
15. Rfb1 dxe3 16. Bxg7 Kxg7 17. dxe3 Rab8 18. Rd1 e6 19. c3 Rfd8 20. Rd2 Kf6
21. Rad1 Ke7 22. Nc2 Bb5 23. Ne1 a5 24. Nf3 c4 25. Nd4 Rdc8 26. Rb2 1/2-1/2

[Event "XIII. DBMM 2013"]
[Site "?"]
[Date "2013.09.27"]
[Round "3.3"]
[White "Duckstein, Torsten"]
[Black "Mueller, Gerd"]
[Result "1/2-1/2"]
[WhiteElo "1944"]
[BlackElo "1809"]
[PlyCount "69"]
[EventDate "2013.01.19"]

1. e4 c5 2. Nc3 Nc6 3. f4 g6 4. Nf3 Bg7 5. Bb5 Nd4 6. Bc4 e6 7. O-O a6 8. a4
Ne7 9. e5 d6 10. exd6 Qxd6 11. d3 Nef5 12. Ne4 Qc7 13. c3 Nxf3+ 14. Qxf3 Nd6
15. Nxd6+ Qxd6 16. Be3 Bd7 17. Qxb7 Bc6 18. Qb6 Rb8 19. Qxc5 Qxc5 20. Bxc5 Rxb2
21. Rf2 Rxf2 22. Kxf2 Bxc3 23. Ra3 Bd2 24. g3 Kd7 25. Bxa6 Ra8 26. Bb5 Rb8 27.
Rb3 Kc7 28. Bd4 Rb7 29. Rb2 Bxb5 30. axb5 Ba5 31. Ke3 Kd6 32. g4 Kd5 33. g5 Bc7
34. Bf6 Ba5 35. Be5 1/2-1/2

[Event "XIII. DBMM 2013"]
[Site "?"]
[Date "2013.09.27"]
[Round "3.4"]
[White "Riess, Bernhard"]
[Black "Wellmann, Ewald"]
[Result "0-1"]
[WhiteElo "1577"]
[BlackElo "1482"]
[PlyCount "128"]
[EventDate "2013.01.19"]

1. d4 f5 2. c4 Nf6 3. Nc3 g6 4. Nf3 Bg7 5. Bg5 O-O 6. Bxf6 Bxf6 7. e3 d6 8. Be2
Nc6 9. O-O e5 10. dxe5 Nxe5 11. Nxe5 Bxe5 12. Qd5+ Kh8 13. Rad1 Qf6 14. Qd2
Bxc3 15. Qxc3 Qxc3 16. bxc3 Be6 17. Rb1 Rab8 18. Rfd1 b6 19. a3 Kg7 20. Rb2 Kf6
21. f4 Rfe8 22. Kf2 Re7 23. g3 Rbe8 24. Re1 Bf7 25. Bf1 Rd8 26. h4 h5 27. Rd1
Rde8 28. Re1 c6 29. Rd2 d5 30. cxd5 Bxd5 31. c4 Bf7 32. Rd6+ Re6 33. Red1 Rxd6
34. Rxd6+ Re6 35. Rd3 Ke7 36. Ke2 Re4 37. Rc3 Bxc4+ 38. Kf2 Bxf1 39. Kxf1 c5
40. Ke2 c4 41. a4 Kd6 42. Kd2 Kc5 43. Kc2 a6 44. Kb2 b5 45. axb5 axb5 46. Ra3
Kb6 47. Kc2 b4 48. Ra4 Kb5 49. Ra8 Rxe3 50. Rb8+ Kc5 51. Rc8+ Kd5 52. Rd8+ Ke4
53. Re8+ Kf3 54. Re5 Rc3+ 55. Kd2 Kxg3 56. Rb5 Rb3 57. Rb6 Kxf4 58. Rxg6 Rb2+
59. Kc1 c3 60. Rc6 Kg3 61. Rc4 f4 62. Rd4 f3 63. Rd3 Kg2 64. Re3 f2 0-1

[Event "XIII. DBMM 2013"]
[Site "?"]
[Date "2013.09.27"]
[Round "3.1"]
[White "Seger, Ruediger"]
[Black "Prusikin, Michael"]
[Result "1/2-1/2"]
[WhiteElo "2393"]
[BlackElo "2555"]
[PlyCount "34"]
[EventDate "2013.01.19"]

1. e4 e5 2. Nf3 Nc6 3. d4 exd4 4. Nxd4 Bb4+ 5. c3 Bc5 6. Nf5 g6 7. Be3 Bb6 8.
Bxb6 axb6 9. Ne3 Nf6 10. f3 O-O 11. Kf2 Nh5 12. g3 d6 13. Bg2 Ng7 14. Re1 f5
15. exf5 Nxf5 16. Na3 Ne5 17. Kg1 Nxe3 1/2-1/2

[Event "XIII. DBMM 2013"]
[Site "?"]
[Date "2013.09.27"]
[Round "3.2"]
[White "Guth, Thomas"]
[Black "Gikas, Andreas Basilius"]
[Result "1/2-1/2"]
[WhiteElo "2283"]
[BlackElo "2187"]
[PlyCount "47"]
[EventDate "2013.01.19"]

1. e4 Nf6 2. Nc3 d5 3. exd5 Nxd5 4. Bc4 c6 5. Qf3 Be6 6. Bxd5 Bxd5 7. Qg3 Nd7
8. Nxd5 cxd5 9. Qb3 Nb6 10. a4 Qc7 11. a5 Nc4 12. a6 Rb8 13. axb7 Rxb7 14. Qa4+
Qd7 15. Qxd7+ Kxd7 16. b3 Ne5 17. Bb2 Nc6 18. Nf3 e6 19. O-O Rg8 20. Ne5+ Nxe5
21. Bxe5 Bb4 22. Rfd1 Bc5 23. Kf1 Bb6 24. Ra4 1/2-1/2

[Event "XIII. DBMM 2013"]
[Site "?"]
[Date "2013.09.27"]
[Round "3.3"]
[White "Dehmel, Jens"]
[Black "Schramm, Christian"]
[Result "0-1"]
[WhiteElo "2091"]
[BlackElo "2396"]
[PlyCount "54"]
[EventDate "2013.01.19"]

1. d4 g6 2. e4 Bg7 3. Nc3 d6 4. Be3 Nd7 5. Qd2 a6 6. f3 c6 7. g4 b5 8. h4 h5 9.
g5 Nb6 10. O-O-O e6 11. d5 b4 12. Nb1 exd5 13. Bxb6 Qxb6 14. exd5 Ne7 15. dxc6
O-O 16. Qxd6 Nf5 17. Qf4 Ne3 18. Re1 Nxc2 19. Kxc2 Bf5+ 20. Bd3 Qxc6+ 21. Kd2
Bxd3 22. Kxd3 Rad8+ 23. Ke2 Rfe8+ 24. Kf1 Rxe1+ 25. Kxe1 Qc2 26. Nd2 Qc1+ 27.
Ke2 Bxb2 0-1

[Event "XIII. DBMM 2013"]
[Site "?"]
[Date "2013.09.27"]
[Round "3.4"]
[White "Buescher, Henrik"]
[Black "Seyl, Frank"]
[Result "1/2-1/2"]
[WhiteElo "2112"]
[BlackElo "1978"]
[PlyCount "34"]
[EventDate "2013.01.19"]

1. d4 c5 2. e3 Nf6 3. c3 d6 4. f4 g6 5. Nf3 Bg7 6. Bc4 O-O 7. O-O a6 8. Qe1 b5
9. Bb3 Bb7 10. Nbd2 Qb6 11. Qh4 Nbd7 12. Qh3 cxd4 13. exd4 e5 14. f5 Rae8 15.
Kh1 e4 16. Ng5 d5 17. Qh4 h6 1/2-1/2

[Event "XIII. DBMM 2013"]
[Site "?"]
[Date "2013.09.27"]
[Round "3.1"]
[White "Fischer, Alexander"]
[Black "Fass, Helmut"]
[Result "1-0"]
[WhiteElo "2055"]
[BlackElo "1531"]
[PlyCount "29"]
[EventDate "2013.01.19"]

1. d4 Nf6 2. c4 e6 3. Nc3 b6 4. e4 Bb4 5. Bd3 Bb7 6. f3 Bxc3+ 7. bxc3 d6 8. Ne2
O-O 9. O-O h6 10. Be3 Nc6 11. Ng3 Rc8 12. f4 Na5 13. e5 dxe5 14. fxe5 Nd7 15.
Qg4 1-0

[Event "XIII. DBMM 2013"]
[Site "?"]
[Date "2013.09.27"]
[Round "3.2"]
[White "Hueners, Rolf"]
[Black "Lutterbey, Ralf"]
[Result "0-1"]
[WhiteElo "1400"]
[BlackElo "1887"]
[PlyCount "72"]
[EventDate "2013.01.19"]

1. d4 d5 2. e3 Nf6 3. h3 a6 4. b3 e6 5. Bb2 c5 6. Nf3 b5 7. c4 cxd4 8. Nxd4
Bb4+ 9. Bc3 Bxc3+ 10. Nxc3 bxc4 11. bxc4 O-O 12. Be2 dxc4 13. Bxc4 Qa5 14. Nde2
Bb7 15. O-O Qg5 16. Ng3 Nc6 17. Nce4 Nxe4 18. Nxe4 Qe5 19. Ng3 Rfd8 20. Qb3 Na5
21. Qb4 Rab8 22. Rad1 Rdc8 23. Bd5 h5 24. Rfe1 h4 25. Ne2 Bxd5 26. Qxa5 Qe4 27.
Nf4 Bc4 28. Nh5 Rb5 29. Qxa6 Ra8 30. f3 Rxa6 31. fxe4 Rxh5 32. Rd2 Rxa2 33.
Rd8+ Kh7 34. Rc8 Ba6 35. Rc7 Rg5 36. Rxf7 Rgxg2+ 0-1